Jerat

Bibliographic Details
Main Author: Haron Md Dom
Format: Book
Published: Kuala Lumpur : Creative Enterprise , 1992
Series:Novel Misteri
Subjects:

MARC

LEADER 00000cam a2200000 7i4500
001 0000007461
002 000008020
005 20010802.0
020 |a 9838932299 
090 0 0 |a F   |b HAR 
100 0 |a Haron Md Dom 
245 1 0 |a Jerat   |c Haron Md Dom 
260 |a Kuala Lumpur :   |b Creative Enterprise ,   |c 1992 
300 |a 202p. ;   |c 18 cm. 
490 0 |a Novel Misteri 
650 0 0 |a Malay fiction 
999 |a 052141   |b BUKU   |c PINJAMAN   |e PERPUSTAKAAN KOMUNITI PETALING JAYA 
999 |a 052142   |b BUKU   |c PINJAMAN   |e PERPUSTAKAAN KOMUNITI PETALING JAYA 
999 |a 052143   |b BUKU   |c PINJAMAN   |e PERPUSTAKAAN KOMUNITI PETALING JAYA 
999 |a 055417   |b BUKU   |c FICTION   |e PERPUSTAKAAN KOMUNITI CAW KOTA DAMANSARA 
999 |a 055418   |b BUKU   |c FICTION   |e PERPUSTAKAAN KOMUNITI CAW KOTA DAMANSARA